9-Letter Countries by Middle Letter - Statistics

General Stats
  • This quiz has been taken 7 times
  • The average score is 3 of 7
Answer Stats
Middle Letter Answer % Correct
n Argentina | Indonesia
75%
i Mauritius
75%
e Guatemala
50%
z Venezuela
50%
r Australia | Nicaragua
25%
u Lithuania
25%
a Singapore
25%
No matching quizzes found
Score Distribution
Percent of People with Each Score
Percentile by Number Answered
Your Score History
You have not taken this quiz